| 000 | 01873nam0a2200337 4500 | ||
|---|---|---|---|
| 001 | RU\NLR\BIBL_A\012870496 | ||
| 005 | 20221020131703.0 | ||
| 010 | _a978-5-9973-6272-0 | ||
| 021 |
_aRU _bКН-П-22-038353 _9КН-П-22-3310 |
||
| 035 | _a(NLR Aleph) 012870496 | ||
| 035 | _a(RuMoRGB)011109716 | ||
| 090 |
_a12487614 _c12487614 |
||
| 100 | _a20220818d2022 u y0rusy50 ca | ||
| 101 | 0 | _arus | |
| 102 | _aRU | ||
| 105 | _aa z 000zy | ||
| 181 | 0 |
_ai _baxxe |
|
| 182 | 0 | _an | |
| 200 | 1 |
_aМосквы серебряные звуки _e(московские хроники "серебряного" периода русской музыки) _fОлег Панус |
|
| 203 |
_aТекст _bвизуальный _cнепосредственный |
||
| 210 |
_aМосква _cСпутник+ _d2022 |
||
| 215 |
_a311 с. _cил. _d21 |
||
| 330 | _aМосковские музыкальные хроники <серебряного> периода русской музыки дополняют ранее опубликованные петербургские хроники <Золотая лира, золотые гусли> в общей картине развития и торжества русской классической музыки в мировой культуре. Книга, рассчитанная на широкий круг любителей музыки, является литературно-популярным изданием | ||
| 606 | 1 |
_aМузыкальная культура _yМосква, город _z19 - 20 вв. _92242117 _3RU\NLR\AUTH\6601576614 |
|
| 675 |
_a821.161.1-94 _v4 |
||
| 686 | 1 | _aЩ313(2Р=Рус)5-692Москва | |
| 700 | 1 |
_aПанус _bО. Ю. _gОлег Юрьевич |
|
| 942 | _cBOOK | ||
| 980 | _aNB | ||